General American English consonants (IPA) - sudden death - Statistics

General Stats
  • This quiz has been taken 67 times
  • The average score is 11 of 23
Answers on the Grid
Answers color-coded by a green-red scale on the quiz's grid according to % correct below.
m
ɱ̊
ɱ
n
ɳ̊
ɳ
ɲ̊
ɲ
ŋ̊
ŋ
ɴ̥
ɴ
p
b
t
d
ʈ
ɖ
c
ɟ
k
g
q
ɢ
ʡ
ʔ
s
z
ʃ
ʒ
ʂ
ʐ
ɕ
ʑ
ɸ
β
f
v
θ
ð
ç
ʝ
x
ɣ
χ
ʁ
ħ
ʕ
h
ʔ̞
ɹ
ɻ
j
ɰ
ⱱ̟
ɽ̊
ɽ
ɢ̆
ʡ̆
ʙ̥
ʙ
r
ʀ̥
ʀ
ʜ
ʢ
ɬ
ɮ
𝼅
𝼆
ʎ̝
𝼄
ʟ̝
l
ʟ̠
ɺ̥
ɺ
𝼈̥
𝼈
ʎ̆
ʟ̆
ɧ
w
 
Answer Stats
Answer % Correct
m
92%
n
81%
d
68%
t
65%
b
62%
p
62%
k
51%
ŋ
46%
ʒ
46%
g
46%
ʃ
43%
θ
43%
ð
43%
f
41%
h
41%
s
41%
v
41%
z
41%
ɹ
38%
j
38%
w
35%
l
32%
ʔ
24%
No matching quizzes found
Score Distribution
Percent of People with Each Score
Percentile by Number Answered
Your Score History
You have not taken this quiz